000 02194nam0a2200373 4500
001 RU\NLR\bibl\1032015
005 20250615001201.0
021 _aRU
_b2006-77607
_93933
035 _a(nilc)RSL-KNO-002994002
035 _a(NLR Aleph) 001019471
090 _a689198
_c689198
100 _a20061208d2005 |||y0rusy50 ca
101 0 _arus
102 _aRU
105 _aa |||||||||
106 _ar
200 1 _aФормирование иноязычной коммуникативной компетентности младших школьников на основе интегративного подхода
_fФ.Н. Апиш, А.П. Александренко
_gАдыг. гос. ун-т, Науч.-метод. центр, Учеб.-исслед. лаб. моделирования и развития систем образования
210 _aМайкоп
_cАякс
_d2005
_eМайкоп
_gАякс
215 _a154 с.
_cил., табл.
_d20
320 _aБиблиогр.: с. 138-148 (175 назв.)
606 1 _aИностранные языки
_xПреподавание
_xНачальная школа
_92166416
_3RU\NLR\auth\661303474
610 0 _aКультура. Наука. Просвещение -- Народное образование. Педагогические науки -- Общеобразовательная школа. Школьная педагогика -- Российская Федерация -- Методика преподавания отдельных учебных предметов -- Иностранные языки -- Дидактика -- Процесс обучения. Дидактические принципы -- Процесс обучения
686 _aЧ426.172(2)-221,0
_2rubbk
686 _aЧ426.17,01
700 1 _4070
_7ca
_8rus
_aАпиш
_bФ. Н.
_gФатимет Нурбиевна
_9184940
_3RU\NLR\AUTH\770184991
701 1 _aАлександренко
_bА. П.
_gАнна Петровна
_4070
801 0 _aRU
_bРКП
_c20061208
_grcr
801 1 _aRU
_bРГБ
_c20061208
801 2 _aRU
_bNLR
_c20070118
_grcr
942 _cBOOK
980 _aNB
980 _aNBR